Intellectual Property Rights: Law and Practice (Record no. 1062378)

MARC details
000 -LEADER
fixed length control field 00362nam a2200133Ia 4500
008 - FIXED-LENGTH DATA ELEMENTS--GENERAL INFORMATION
fixed length control field 231229s2019 xx 000 0 und d
041 ## - LANGUAGE CODE
Language code of text/sound track or separate title eng
082 ## - DEWEY DECIMAL CLASSIFICATION NUMBER
Classification number 346.48
Item number RED
100 ## - MAIN ENTRY--PERSONAL NAME
Personal name REDDY (S.V. Damodar)
245 ## - TITLE STATEMENT
Title Intellectual Property Rights: Law and Practice
250 ## - EDITION STATEMENT
Edition statement 1st
260 ## - PUBLICATION, DISTRIBUTION, ETC.
Place of publication, distribution, etc. Hyderabad
Name of publisher, distributor, etc. Asia Law House Hyderbad
Date of publication, distribution, etc. 2019
300 ## - PHYSICAL DESCRIPTION
Extent iii, 600
Holdings
Withdrawn status Lost status Damaged status Not for loan Home library Current library Date acquired Cost, normal purchase price Total Checkouts Full call number Barcode Date last seen Date last checked out Price effective from Koha item type
        Institute of Management & Research, New Delhi Institute of Management & Research, New Delhi 27/05/2022 527.00 1 346.48 RED IMD-26LB0003241 28/07/2025 22/07/2025 11/01/2024 Book